Tula (Record no. 9962)

MARC details
000 -CABECERA
campo de control de longitud fija 00988nam a2200253 a 4500
001 - NÚMERO DE CONTROL
campo de control BRL_1150
005 - FECHA Y HORA DE LA ÚLTIMA TRANSACCIÓN
campo de control 20190320211046.0
008 - DATOS DE LONGITUD FIJA--INFORMACIÓN GENERAL
campo de control de longitud fija 151113s2003----mx-ab#####---#000-0#spa-#
020 ## - NÚMERO INTERNACIONAL ESTÁNDAR DEL LIBRO
Número Internacional Estándar del Libro 9686340939
041 ## - CÓDIGO DE LENGUA
Código de lengua del texto/banda sonora o título independiente spa
044 ## - CÓDIGO DEL PAÍS DE LA ENTIDAD EDITORA/PRODUCTORA
Código MARC del país mx
050 #4 - SIGNATURA TOPOGRÁFICA DE LA BIBLIOTECA DEL CONGRESO
Número de clasificación F1391.T9
Número de documento/Ítem .T95 2003
245 10 - MENCIÓN DE TÍTULO
Título Tula
Resto del título más allá de la zona arqueológica
Mención de responsabilidad, etc. Laura Elena Sotelo Santos, coordinadora ; Jesús Bermúdez, Horacio Romero, fotografía.
260 ## - PUBLICACIÓN, DISTRIBUCIÓN, ETC.
Lugar de publicación, distribución, etc. Pachuca, Hidalgo, México
Nombre del editor, distribuidor, etc. Universidad Autónoma del Estado de Hidalgo
Fecha de publicación, distribución, etc. 2003
300 ## - DESCRIPCIÓN FÍSICA
Extensión 191 p.
Otras características físicas il. (algunas a color), mapas
Dimensiones 32 cm.
504 ## - NOTA DE BIBLIOGRAFÍA, ETC.
Nota de bibliografía, etc. Bibliografía : p. 187-191
651 #4 - PUNTO DE ACCESO ADICIONAL DE MATERIA--NOMBRE GEOGRÁFICO
Nombre geográfico Tula de Allende (México)
Subdivisión general Historia
9 (RLIN) 25943
651 #4 - PUNTO DE ACCESO ADICIONAL DE MATERIA--NOMBRE GEOGRÁFICO
Nombre geográfico Tula de Allende (México)
Subdivisión de forma Trabajos Ilustrados
9 (RLIN) 25944
651 #4 - PUNTO DE ACCESO ADICIONAL DE MATERIA--NOMBRE GEOGRÁFICO
Nombre geográfico Tula de Allende (México)
Subdivisión de forma Trabajos Ilustrados
Subdivisión general Antigüedades
9 (RLIN) 25945
700 1# - PUNTO DE ACCESO ADICIONAL--NOMBRE DE PERSONA
Nombre de persona Sotelo Santos, Laura Elena
Término indicativo de función/relación coord.
9 (RLIN) 25946
700 1# - PUNTO DE ACCESO ADICIONAL--NOMBRE DE PERSONA
Nombre de persona Bermúdez, Jesús
Término indicativo de función/relación il.
9 (RLIN) 25947
700 1# - PUNTO DE ACCESO ADICIONAL--NOMBRE DE PERSONA
Nombre de persona Romero, Horacio
Término indicativo de función/relación il.
9 (RLIN) 25948
942 ## - ELEMENTOS DE PUNTO DE ACCESO ADICIONAL (KOHA)
Fuente del sistema de clasificación o colocación Library of Congress Classification
Tipo de ítem Koha Libros
Holdings
Estado de retiro Estado de pérdida Estado dañado No para préstamo Localización permanente Ubicación/localización actual Fecha de adquisición Total de préstamos Signatura topográfica completa Código de barras Fecha visto por última vez Precio válido a partir de Tipo de ítem Koha
El ejemplar forma parte de la colección y puede ser consultado según las políticas vigentes.       Biblioteca Centro de Estudios Ruth D. Lechuga Biblioteca Centro de Estudios Ruth D. Lechuga 15/11/2013   F1391.T9 .T95 2003 00015 22/03/2019 22/03/2019 Libros